Stolice Ameryki Południowej - Statystyki

Ogólne statystyki
  • Ten quiz został rozwiązany 641 razy
  • Średni wynik to 10 z 13
Odpowiedzi na mapie
Odpowiedzi zakodowano w zielono-czerwonej skali na mapie do tego quizu, zgodnie z poniższymi procentami.
 
Statystyki odpowiedzi
Stolica % Poprawnych
Buenos Aires
94%
Brasilia
92%
Lima
86%
Santiago
86%
Montevideo
84%
Bogota
83%
Caracas
74%
La Paz
74%
Quito
72%
Georgetown
62%
Sucre
62%
Asuncion
61%
Paramaribo
54%
Nie znaleziono quizów pasujących do podanych kryteriów
Rozkład punktacji
Procent ludzi z każdym wynikiem
Percentyl według liczby udzielonych odpowiedzi
Twoja historia wyników
Nie rozwiązałeś tego quizu